Capital flows in the EEC 1980-88.

Progresívna liberalizácia pohybu kapitálu v posledných rokoch v EHS v súvislosti so zvýšenou účinnosťou domácich aj zahraničných finančných trhov. Stabilizačná úloha pohybu kapitálu. Vývoj bilancie bežných a kapitálových účtov členských krajín EHS 1980-89. Objem trhu kapitálu v EHS 1975-89 a štruktú...

Ausführliche Beschreibung

Gespeichert in:
Bibliographische Detailangaben
1. Verfasser: Pérez Jurado, M.
Format: Buchkapitel
Sprache:Englisch
Schlagworte:
Tags: Tag hinzufügen
Keine Tags, Fügen Sie das erste Tag hinzu!

MARC

LEADER 00000naa a2200000 4500
001 r003588
005 20221130102836.4
041 0 |a eng 
044 |a ES 
245 1 0 |a Capital flows in the EEC 1980-88.  |c M. Pérez Jurado 
520 |a Progresívna liberalizácia pohybu kapitálu v posledných rokoch v EHS v súvislosti so zvýšenou účinnosťou domácich aj zahraničných finančných trhov. Stabilizačná úloha pohybu kapitálu. Vývoj bilancie bežných a kapitálových účtov členských krajín EHS 1980-89. Objem trhu kapitálu v EHS 1975-89 a štruktúra trhu kapitálu - krátkodobý a dlhodobý kapitál, priame investície, investície portfolio. 
610 2 0 |a EHS 
610 2 0 |a 1980-1988 
610 2 0 |a trh finančný 
610 2 0 |a trh kapitálový medzinárodný 
610 2 0 |a investície 
610 2 0 |a údaje štatistické 
610 2 0 |a pohyb kapitálu 
610 2 0 |a Európske spoločenstvá 
100 1 |a Pérez Jurado, M.